00325nam a2200121Ia 45000010005000000080041000050820023000461000021000692450044000902600026001349010028001609990015001883493241024s9999 xx 000 0 und d aRD/923.97293/F316t aVictoriano Felix 0aDe Trujillo a la democracia (1930-2008) bEl nuevo diarioc2012 a26/11/2013 8:56:45 a.m. c7632d7632